00585nam a22001457a 4500008004100000040005500041080002300096245019400119260004200313300001700355500001400372650001200386653001400398700002700412230504b |||||||| |||| 00| 0 eng d aNational Science LibrarycNational Science Library a621.38+539.124(05) aAdvances in electronics and electron physics b c/ Academic Press, photo-electronic image devices, proceedings of the eight symposium held at Imperial College, London, September 5-7, 1983  aNew York: bAcademic Press, c1985 axviii, 298p. a Vol. 64A aScience aChemistry aHawkes, Peter W (Ed.)